Rapports humains et communicatios dans "A la recherche du temps perdu"
Salvato in:
| Autore principale: | |
|---|---|
| Natura: | Libro |
| Lingua: | Undetermined |
| Pubblicazione: |
París, Francia
A.G.Nizet
1975
|
| Soggetti: | |
| Tags: |
Aggiungi Tag
Nessun Tag, puoi essere il primo ad aggiungerne!!
|
MARC
| LEADER | 00000nam a2200000Ia 4500 | ||
|---|---|---|---|
| 008 | 170316s9999 xx 000 0 und d | ||
| 090 | |a 100 G-24r | ||
| 100 | |a Ghinste, J. Van de | ||
| 245 | |a Rapports humains et communicatios dans "A la recherche du temps perdu" | ||
| 260 | |a París, Francia | ||
| 260 | |b A.G.Nizet | ||
| 260 | |c 1975 | ||
| 300 | |a 285 páginas | ||
| 650 | |a FILOSOFÍA | ||
| 999 | |c 16280 |d 16280 | ||
| 040 | |a cru BVZT | ||
| 942 | |c 15 D |h 100 G-24r |2 z | ||
